| 000 | 01419cad a22002295a 4500 | ||
|---|---|---|---|
| 001 | L140696 | ||
| 008 | 071005e20071002xxkd f s f000 0 eng d | ||
| 035 | _a(Sirsi) u140696 | ||
| 041 | 0 | _aeng | |
| 050 | 0 | 4 | _a306.1 $2 18 |
| 110 | 1 |
_aUnited Kingdom _bDepartment for Communities and Local Government _94939 |
|
| 245 | 0 | 0 |
_aHousing in England 2005/06 _ba report principally from the 2005/06 Survey of English Housing _h[electronic resource] |
| 260 |
_aLondon _bDCLG _c2007 |
||
| 490 |
_aDCLG Housing Research Summary _v2006/07 |
||
| 520 | _aKey findings include a slight reduction in households' satisfaction with the place they live to 48%. Around half expressed crime and traffic as their top concerns. The level of concern about crime is steadily reducing, with social renters, lone parents, Londoners and people in deprived areas being the most concerned. People without their own transport listed hospital access as their biggest concern in terms of public services. Satisfaction with landlords among private tenants outstripped that expressed by social tenants by 76% to 70%. | ||
| 590 | _aKA NTK | ||
| 650 | 2 | 4 | _aSURVEY OF ENGLISH HOUSING |
| 651 | 4 |
_aEngland _y886- |
|
| 690 | _aPROPERTY-RESIDENTIAL PROPERTY-DOMESTIC RESIDENTIAL PROPERTY-HOUSING | ||
| 856 | 4 | 0 |
_uhttps://www.communities.gov.uk/publications/housing/Surveyenglishhousing _zView the item free of charge at www.communities.gov.uk... |
| 942 | _n0 | ||
| 999 |
_c107531 _d107531 |
||